El Salvador, un país que se urbaniza
Na minha lista:
| Formato: | Texto |
|---|---|
| Assuntos: | |
| Tags: |
Adicionar Tag
Sem tags, seja o primeiro a adicionar uma tag!
|
MARC
| LEADER | 00000 a a2200000 04500 | ||
|---|---|---|---|
| 001 | 6247 | ||
| 003 | |||
| 040 | |||
| 245 | |a El Salvador, un país que se urbaniza | ||
| 650 | |a VIVIENDA | ||
| 650 | |a URBANIZACION | ||
| 650 | |a MIGRACION RURAL |z -URBANA | ||
| 650 | |a REMESAS | ||
| 650 | |a CONDICIONES ECONOMICAS | ||
| 650 | |a CONDICIONES SOCIALES | ||
| 773 | |g volumen 18, número 810; páginas 10-12 | ||
| 999 | |c 32786 |d 32786 | ||
